00601 2200241 4500001002100000005001700021008004100038020001800079035002400097041000800121043001300129082000800142090001900150100001500169245004300184250001500227260002700242300002300269504001700292650001000309850001200319999002800331YOGYA-0711000000107420110721085803.0 ind  a979-503-526-6 0010-071100000001074 aInd aYOPD DIY a340 aDEP 340bSoe P aSoehino, H aPolitik Hukum Di IndonesiacH. Soehino aEd 1 Cet 1 aYogyakartabBPEEc2010 aVI, 175 hlmc24 cm ahlm. 173-175 aHukum aYOPDYOG aCB - D.11 - 2010 - 1935